000 02913cam a22004814i 4500
003 PE-LiUPU
005 20250731165531.0
008 150623s r 000 0 d
020 _a8425414601
035 _a(Sirsi) i9788425414602
040 _aPE-LiUPU
_bspa
_cPE-LiUPU
_erda
049 _aPRUA
082 0 4 _a302.257
_bK16
_221
100 1 _aKagelmann, Jurgen,
_eautor.
245 1 0 _aPsicología de los medios de comunicanción :
_bManual de conceptos básicos /
_cJurgen Kagelmann y Gerd Wenninger.
264 1 _aBacrelona, España :
_bEditorial Helder,
_c1986.
300 _a398 páginas ;
_c22 centímetros
336 _atext
_2rdacontent
337 _aunmediated
_2rdamedia
338 _avolume
_2rdacarrier
490 0 _aBiblioteca de Psicología ;
_v 143
505 0 _aAgresividad violencia (Michael Kunczik). -Los comics (Jutta Wermke). -Acitudes y prejuicios (Ulrike Six). -La emoción (Peter Vitouch). -La televisión (Hans-Dieter Kubler). -Asesoramiento (Raine Kunzel y Norbert Bohmer). -Psicología de la lectura (Heinz Mandl y Steffen-Peter Ballstaedt). -Los medios de comunicación en la psicoterapia (Franz Petermann). -Didáctica de los medios de comunicación (Bernd Weidenmann). -El estudio de los medios de comunicación (Hans-Dieter Kubler y H. Gerd Wurzberg). -Los nuevos medios de comunicación (Claus Eurich). -La comunicación no verbal (Karin Bohme). -Participación y medios de comunicación (Dieter Baacke). -La fantasía y la creatividad (Dieter Baacke). -La fotografía (Heinz Buddemeier). -La pronografía (Ernest Borneman). -La prensa (Gerd G. Kopper). -El sexismo (Irene Neverla). -La educación sexual (Rudolf Muller). -La socialización (Bernd Schorb, Erich Mohn y Helga Theunert). -El deporte (Hans - Dieter Kerbs). -El lenguaje (Sabine Jorg). -La música ligera (Jurgen Dollase y Rainer Dollase). -El vídeo (Margret Kohler). -La percepción (Horts W. Brand). -La publicidad (Siegfried Muller). -Efectos y utilización (Peter Hunziker). -Censura y autocensura (Klaus Horn).
526 _aSEG44
526 _aSEG26
526 _aP151
526 _aP150
526 _aP149
526 _aP146
526 _aP145
526 _aP126
526 _aP125
526 _aP92
526 _aP75
526 _aP74
526 _aP27
526 _aP15
942 _2ddc
_cBOOK
949 _aRC 302.257 K16
_wDEWEY
_c1
_i28754
_d2016-5-25
_e2016-5-25
_lCCODEBUL1
_mBUL
_n1
_r0
_sY
_tBOOK
_u2015-6-24
_xEDUCACION
_zUNKNOWN
_0COMPRA
_o.CIRCNOTE. No olvidar cambiar la fecha de devolución!!!!!!!
_o.STAFF. Colección General
994 _aC0
_bPEPRU
596 _a1
999 _aRC 302.257 K16
_wDEWEY
_c37168
_i28754
_d37168
_e2016-5-25
_f2021-11-4
_g5
_lCCODEBUL1
_mBUL
_n1
_q1
_r0
_sY
_tBOOK
_u2015-6-24
_xBIBLIOTECA
_zUNKNOWN
_0COMPRA
_o.CIRCNOTE. No olvidar cambiar la fecha de devolución!!!!!!!
_o.STAFF. Colección General
980 _81
_gALBERTO SANCHEZ Responsable de Automatización